Top 20 songs on which Paul McCartney played drums - Statistics

General Stats
  • This quiz has been taken 76 times
  • The average score is 2 of 6
Answer Stats
Year of release Song % Correct
1969 The ballad of John and Yoko
56%
1974 Band on the Run
52%
1980 Coming up
45%
1976 Back in the ussr
44%
1986 Spies like us
13%
1997 Young boy
13%
No matching quizzes found
Score Distribution
Percent of People with Each Score
Percentile by Number Answered
Your Score History
You have not taken this quiz